[Event "Titled Tue 10th Jun Early"]
[Site "chess.com INT"]
[Date "2025.06.10"]
[Round "8"]
[White "Piesik, Piotr"]
[Black "Lacasa Diaz, Josep Anton"]
[Result "1-0"]
[WhiteTitle "IM"]
[BlackTitle "IM"]
[WhiteElo "2436"]
[BlackElo "2315"]
[WhiteFideId "1136194"]
[BlackFideId "2203375"]
[EventDate "2025.06.10"]

1. Nf3 d5 2. g3 c5 3. Bg2 Nf6 4. O-O e6 5. d3 Nc6 6. Nbd2 Be7 7. e4 O-O 8. Re1
b5 9. e5 Nd7 10. Nf1 a5 11. h4 a4 12. a3 b4 13. h5 h6 14. N1h2 Bb7 15. Ng4 c4
16. d4 bxa3 17. bxa3 Qb6 18. Bf4 Qb2 19. Rb1 Bxa3 20. Rxb2 Bxb2 21. Qd2 c3 22.
Qe3 a3 23. Nxh6+ Kh8 24. Ng4 a2 25. h6 g6 26. Bg5 a1=Q 27. Rxa1 Rxa1+ 28. Kh2
Bc1 29. Qxc3 Rb1 30. Bxc1 Rxc1 31. Qb2 Rd1 32. Qxb7 Ndb8 33. c3 Rd3 34. Ng5 Kg8
35. Nf6+ Kh8 36. Qxf7 1-0

[Event "Titled Tue 10th Jun Early"]
[Site "chess.com INT"]
[Date "2025.06.10"]
[Round "8"]
[White "Toktomushev, Teimur"]
[Black "Krutko, Anatoly"]
[Result "1-0"]
[WhiteTitle "FM"]
[BlackTitle "FM"]
[WhiteElo "2390"]
[BlackElo "2397"]
[WhiteFideId "14176726"]
[BlackFideId "4185862"]
[EventDate "2025.06.10"]

1. d4 Nf6 2. c4 g6 3. Nc3 Bg7 4. e4 O-O 5. f3 d6 6. Be3 Nc6 7. Nge2 a6 8. Qd2
Rb8 9. Rc1 Bd7 10. Nd1 b5 11. c5 e6 12. Nf2 Bc8 13. cxd6 Bd7 14. dxc7 Qxc7 15.
Bf4 Qb7 16. Bxb8 Rxb8 17. g3 e5 18. d5 Nd4 19. Bg2 Ne8 20. O-O Nd6 21. Nxd4 exd4
22. b3 f5 23. Rfe1 fxe4 24. fxe4 Nf7 25. Nd3 Bh6 26. Nf4 Bg7 27. Qb4 Ne5 28. Kh1
g5 29. Nh5 Nd3 30. Qe7 1-0

[Event "Titled Tue 10th Jun Early"]
[Site "chess.com INT"]
[Date "2025.06.10"]
[Round "8"]
[White "Vifleemskaia, Svetlana"]
[Black "Nugumanov, Bakhtiyar"]
[Result "0-1"]
[WhiteTitle "WFM"]
[BlackTitle "IM"]
[WhiteElo "1942"]
[BlackElo "2305"]
[WhiteFideId "4129490"]
[BlackFideId "13701797"]
[EventDate "2025.06.10"]

1. d4 Nf6 2. c4 g6 3. Nc3 Bg7 4. e4 d6 5. Nge2 O-O 6. Ng3 h5 7. h4 Nc6 8. Be2 e5
9. d5 Nd4 10. Be3 Ng4 11. Bxg4 Bxg4 12. f3 Bd7 13. Nge2 Nxe2 14. Qxe2 f5 15.
O-O-O Qe8 16. c5 Rf7 17. Kb1 f4 18. Bf2 Bf8 19. Qc4 dxc5 20. Bxc5 b5 21. Qb4 a5
22. Qa3 b4 23. Bxb4 axb4 0-1

[Event "Titled Tue 10th Jun Early"]
[Site "chess.com INT"]
[Date "2025.06.10"]
[Round "8"]
[White "Arya G Mallar"]
[Black "Chiang, Jacob"]
[Result "1-0"]
[WhiteTitle "WCM"]
[WhiteElo "2000"]
[BlackElo "2006"]
[WhiteFideId "25115324"]
[BlackFideId "30962331"]
[EventDate "2025.06.10"]

1. d4 c5 2. d5 Nf6 3. c4 e6 4. Nc3 exd5 5. cxd5 d6 6. Nf3 g6 7. h3 Bg7 8. Bf4
O-O 9. e3 Re8 10. Be2 Na6 11. O-O Nc7 12. Bh2 b5 13. Bxb5 Nxb5 14. Nxb5 Ne4 15.
Nd2 Ba6 16. Nxe4 Bxb5 17. Nxd6 Bxf1 18. Nxe8 Bxg2 19. Kxg2 Qxe8 20. Qc2 Rb8 21.
Bxb8 Qxb8 22. Qxc5 Qxb2 23. Rd1 Qxa2 24. d6 Qa4 25. Qd5 Bf6 26. d7 Bd8 27. Rc1
Qa5 28. Qxa5 Bxa5 29. Rc8+ Kg7 30. d8=Q Bxd8 31. Rxd8 1-0

[Event "Titled Tue 10th Jun Early"]
[Site "chess.com INT"]
[Date "2025.06.10"]
[Round "8"]
[White "Risteski, Emil"]
[Black "Labussiere, Victor"]
[Result "1-0"]
[WhiteTitle "IM"]
[BlackTitle "FM"]
[WhiteElo "2374"]
[BlackElo "2312"]
[WhiteFideId "15005267"]
[BlackFideId "2183129"]
[EventDate "2025.06.10"]

1. g3 d5 2. Bg2 Bf5 3. d3 c6 4. Nd2 h6 5. e4 Bh7 6. f4 e6 7. Nh3 Bc5 8. Nf2 Nf6
9. O-O a5 10. a4 Bb6 11. Qe2 O-O 12. g4 dxe4 13. dxe4 e5 14. f5 Nfd7 15. Nf3 f6
16. h4 Qe7 17. g5 fxg5 18. hxg5 g6 19. f6 Qf7 20. Kh1 Kh8 21. Ng4 hxg5 22. Nxg5 1-0

[Event "Titled Tue 10th Jun Early"]
[Site "chess.com INT"]
[Date "2025.06.10"]
[Round "8"]
[White "Mendes Aaron Reeve"]
[Black "Nakonechnyi, Oleksii"]
[Result "1-0"]
[WhiteTitle "IM"]
[BlackTitle "CM"]
[WhiteElo "2335"]
[BlackElo "2222"]
[WhiteFideId "25954938"]
[BlackFideId "34173714"]
[EventDate "2025.06.10"]

1. e4 c5 2. Nf3 d6 3. Bb5+ Bd7 4. Bxd7+ Nxd7 5. O-O Ngf6 6. Re1 e6 7. c3 Be7 8.
d4 cxd4 9. cxd4 O-O 10. Nc3 Qb6 11. e5 Nd5 12. Nxd5 exd5 13. e6 fxe6 14. Rxe6
Bf6 15. Bf4 Bxd4 16. Rxd6 Bxf2+ 17. Kh1 Qb4 18. Qxd5+ Kh8 19. Rxd7 Qxf4 20. Qxb7
Rac8 21. Rad1 Rc1 22. Qb3 Rfc8 23. g3 Rxd1+ 24. Qxd1 Qf8 25. Ne5 Be3 26. Nf7+
Kg8 27. Qd5 h5 28. Qxh5 Qb4 29. Qh8# 1-0

[Event "Titled Tue 10th Jun Early"]
[Site "chess.com INT"]
[Date "2025.06.10"]
[Round "8"]
[White "Sanal, Vahap"]
[Black "Lee, Junhyeok"]
[Result "1-0"]
[WhiteTitle "GM"]
[BlackTitle "IM"]
[WhiteElo "2564"]
[BlackElo "2434"]
[WhiteFideId "6300545"]
[BlackFideId "13202340"]
[EventDate "2025.06.10"]

1. e4 c5 2. Nf3 d6 3. Bb5+ Nd7 4. O-O a6 5. Be2 Ngf6 6. d3 e6 7. Nc3 Be7 8. Nd2
b5 9. Qe1 O-O 10. f4 Nb8 11. Bf3 e5 12. fxe5 dxe5 13. Nd5 Nc6 14. c3 Be6 15.
Nxf6+ Bxf6 16. Be2 Bg5 17. Nf3 Bxc1 18. Qxc1 f6 19. Qe3 Qd6 20. Nh4 g6 21. Rf2
Rad8 22. Raf1 Bc8 23. Qg3 Kh8 24. Nxg6+ hxg6 25. Qxg6 f5 26. Qh5+ Kg7 27. exf5
Rh8 28. f6+ Qxf6 29. Rxf6 Rxh5 30. Bxh5 1-0

[Event "Titled Tue 10th Jun Early"]
[Site "chess.com INT"]
[Date "2025.06.10"]
[Round "8"]
[White "Jovic, Stanoje"]
[Black "Neustroev, Victor"]
[Result "1-0"]
[WhiteTitle "FM"]
[BlackTitle "FM"]
[WhiteElo "2096"]
[BlackElo "2283"]
[WhiteFideId "905020"]
[BlackFideId "4144147"]
[EventDate "2025.06.10"]

1. c4 e5 2. g3 c6 3. Bg2 d5 4. cxd5 cxd5 5. d4 exd4 6. Qxd4 Nf6 7. Bg5 Be7 8.
Nc3 Nc6 9. Qa4 d4 10. Bxf6 Bxf6 11. Nd5 O-O 12. Nxf6+ Qxf6 13. Nf3 d3 14. O-O
dxe2 15. Rfe1 Qxb2 16. Rab1 Qf6 17. Rxe2 a6 18. h3 Bxh3 19. Rxb7 Bxg2 20. Kxg2
Ne7 21. Rbxe7 1-0

[Event "Titled Tue 10th Jun Early"]
[Site "chess.com INT"]
[Date "2025.06.10"]
[Round "8"]
[White "Estrada Nieto, Julian"]
[Black "Fomevor, Cephas Clinton"]
[Result "1-0"]
[WhiteTitle "IM"]
[BlackTitle "CM"]
[WhiteElo "2181"]
[BlackElo "1883"]
[WhiteFideId "5101018"]
[BlackFideId "12601330"]
[EventDate "2025.06.10"]

1. e4 c5 2. Nf3 Nc6 3. Bb5 g6 4. O-O Bg7 5. c3 e5 6. d4 cxd4 7. cxd4 exd4 8. Bf4
a6 9. Bc4 Nge7 10. Bd6 O-O 11. a4 b6 12. Nbd2 Bb7 13. e5 Re8 14. Bxf7+ Kh8 15.
Bxe8 Qxe8 16. Re1 h6 17. Nc4 b5 18. Nb6 Nf5 19. Nxa8 Bxa8 20. axb5 axb5 21. Qd3
b4 22. Qa6 1-0

[Event "Titled Tue 10th Jun Early"]
[Site "chess.com INT"]
[Date "2025.06.10"]
[Round "8"]
[White "Agarwal, Amaya"]
[Black "Cordeiro, Marco Aurelio Zaror"]
[Result "0-1"]
[WhiteTitle "WCM"]
[WhiteElo "2004"]
[BlackElo "2056"]
[WhiteFideId "48733580"]
[BlackFideId "2117991"]
[EventDate "2025.06.10"]

1. e4 Nf6 2. e5 Nd5 3. c4 Nb6 4. d4 d6 5. f4 dxe5 6. fxe5 c5 7. d5 e6 8. d6 Qh4+
9. Kd2 Nxc4+ 10. Bxc4 Qxc4 11. Nc3 Qf4+ 12. Kc2 Qxe5 13. Nb5 Na6 14. Nf3 Qe4+
15. Kd2 Bd7 16. Re1 Qd5+ 17. Ke2 Bxb5+ 18. Kf2 Qxd1 19. Rxd1 O-O-O 20. Bf4 f6
21. Rac1 e5 22. Be3 Rxd6 23. Rxd6 Bxd6 24. b4 Nxb4 25. Bxc5 Nd3+ 26. Ke3 Bxc5+
27. Rxc5+ Nxc5 0-1

[Event "Titled Tue 10th Jun Early"]
[Site "chess.com INT"]
[Date "2025.06.10"]
[Round "8"]
[White "Garcia, Erick"]
[Black "Tang, Andrew"]
[Result "0-1"]
[BlackTitle "GM"]
[WhiteElo "2135"]
[BlackElo "2529"]
[WhiteFideId "2058880"]
[BlackFideId "2059630"]
[EventDate "2025.06.10"]

1. d4 d5 2. c4 e6 3. Nc3 Be7 4. cxd5 exd5 5. Bf4 c6 6. e3 Bf5 7. Bd3 Bxd3 8.
Qxd3 Nf6 9. Nf3 Nbd7 10. h3 O-O 11. O-O Re8 12. Rab1 a5 13. a3 Bf8 14. Qc2 h6
15. Rfe1 Re6 16. Ne5 Nxe5 17. Bxe5 Nd7 18. Bg3 Qg5 19. e4 Qg6 20. Qb3 Rae8 21.
Qxb7 Nf6 22. e5 Nh5 23. Bh2 Qg5 24. Rf1 Rg6 25. g4 f5 26. Qd7 Re7 27. Qc8 fxg4
28. Qxg4 Qf5 0-1

[Event "Titled Tue 10th Jun Early"]
[Site "chess.com INT"]
[Date "2025.06.10"]
[Round "8"]
[White "Leinov, Roman"]
[Black "Wu, Derek"]
[Result "0-1"]
[WhiteTitle "CM"]
[BlackTitle "FM"]
[WhiteElo "2120"]
[BlackElo "2232"]
[WhiteFideId "13504649"]
[BlackFideId "30914558"]
[EventDate "2025.06.10"]

1. Nf3 d5 2. g3 Nc6 3. d4 Bf5 4. Bg2 e6 5. O-O Nb4 6. Na3 h6 7. c4 c6 8. Qb3 Nf6
9. c5 a5 10. Bd2 b6 11. cxb6 a4 12. Qd1 Qxb6 13. Bc3 Be7 14. Ne1 O-O 15. f3 c5
16. Kh1 Rfd8 17. dxc5 Bxc5 18. Nac2 Nxc2 19. Nxc2 d4 20. Bd2 Qxb2 21. Ne1 Nd5
22. Qc1 Ba3 23. Qxb2 Bxb2 24. Rd1 Nc3 25. Bxc3 dxc3 26. Nd3 Bxd3 27. exd3 c2 28.
Rc1 Bxc1 29. Rxc1 Rxd3 0-1

[Event "Titled Tue 10th Jun Early"]
[Site "chess.com INT"]
[Date "2025.06.10"]
[Round "8"]
[White "Arias Gaviria, Mario Alexis"]
[Black "Miserendino, Alfredo"]
[Result "1-0"]
[WhiteTitle "FM"]
[WhiteElo "2298"]
[BlackElo "2032"]
[WhiteFideId "3800660"]
[BlackFideId "101800"]
[EventDate "2025.06.10"]

1. e4 c5 2. Nf3 e6 3. g3 g6 4. Bg2 Bg7 5. O-O Ne7 6. c3 O-O 7. d4 cxd4 8. cxd4
b6 9. e5 Bb7 10. Nc3 d6 11. Bg5 h6 12. exd6 Qxd6 13. Nb5 Qd8 14. Bf4 Nd5 15. Bd6
Re8 16. Be5 f6 17. Bxb8 Qxb8 18. Qd3 a6 19. Nc3 Nxc3 20. bxc3 f5 21. Rfe1 Qd6
22. Ne5 Bxg2 23. Kxg2 g5 24. Re3 Bxe5 25. Rxe5 b5 26. Rae1 Rad8 27. g4 fxg4 28.
Qg6+ Kh8 29. Qxh6+ Kg8 30. Rxg5+ Kf7 31. Qg7# 1-0

[Event "Titled Tue 10th Jun Early"]
[Site "chess.com INT"]
[Date "2025.06.10"]
[Round "8"]
[White "Cherukuri, Nitesh"]
[Black "Cardozo Munar, Carlos Eduardo"]
[Result "1-0"]
[WhiteTitle "CM"]
[BlackTitle "FM"]
[WhiteElo "2171"]
[BlackElo "2052"]
[WhiteFideId "30978688"]
[BlackFideId "4409477"]
[EventDate "2025.06.10"]

1. b3 d5 2. Bb2 e6 3. e3 Nf6 4. d4 g6 5. Nd2 Bg7 6. Bd3 O-O 7. Ngf3 Nbd7 8. O-O
Re8 9. c4 c5 10. Qc2 cxd4 11. Nxd4 Ne5 12. Be2 dxc4 13. Nxc4 Nxc4 14. Bxc4 e5
15. Nf3 Bf5 16. Qe2 Qc7 17. Rac1 e4 18. Nd4 Ng4 19. g3 Qd7 20. Rfd1 Ne5 21. Bb5
Qe7 22. Nxf5 gxf5 23. Bxe5 Qxe5 24. Bxe8 Rxe8 25. Rc4 b6 26. Qc2 Re6 27. Rc8+
Bf8 28. Rdd8 Qg7 29. Rxf8+ Qxf8 30. Rxf8+ Kxf8 31. Qc8+ Kg7 32. Qc7 a5 33. h4
Kg6 34. Kg2 h6 35. Qf4 Rc6 36. h5+ 1-0

[Event "Titled Tue 10th Jun Early"]
[Site "chess.com INT"]
[Date "2025.06.10"]
[Round "8"]
[White "Nitish, Belurkar"]
[Black "Shimanov, Aleksandr"]
[Result "1-0"]
[WhiteTitle "IM"]
[BlackTitle "GM"]
[WhiteElo "2454"]
[BlackElo "2578"]
[WhiteFideId "5084768"]
[BlackFideId "4198603"]
[EventDate "2025.06.10"]

1. e4 c6 2. d3 d5 3. Nd2 g6 4. Ngf3 Bg7 5. g3 e5 6. Bg2 Ne7 7. O-O O-O 8. c3 a5
9. a4 Na6 10. Qc2 Nc5 11. Nxe5 Bxe5 12. d4 Bd6 13. dxc5 Bxc5 14. exd5 Nxd5 15.
Ne4 Be7 16. Bh6 Re8 17. Rad1 Qc7 18. c4 Nb4 19. Qc3 f6 20. Bf4 Qb6 21. c5 Qa6
22. Nxf6+ Bxf6 23. Qxf6 Qc4 24. Be5 Rxe5 25. Rd8+ 1-0

[Event "Titled Tue 10th Jun Early"]
[Site "chess.com INT"]
[Date "2025.06.10"]
[Round "8"]
[White "Smieszek, Wojciech"]
[Black "Avramidou, Anastasia"]
[Result "1-0"]
[WhiteTitle "CM"]
[BlackTitle "FM"]
[WhiteElo "2141"]
[BlackElo "2294"]
[WhiteFideId "1156047"]
[BlackFideId "4239873"]
[EventDate "2025.06.10"]

1. e4 c5 2. Nf3 g6 3. d4 cxd4 4. Nxd4 Bg7 5. Nc3 Nc6 6. Be3 Nf6 7. Bc4 O-O 8.
Bb3 d6 9. f3 a6 10. h4 h5 11. Qd2 Na5 12. O-O-O Nxb3+ 13. axb3 Qc7 14. Kb1 b5
15. Bh6 b4 16. Nd5 Nxd5 17. exd5 Qc5 18. Bxg7 Kxg7 19. g4 Rh8 20. Qg5 f6 21. Qe3
Ra7 22. Rhg1 hxg4 23. fxg4 Rc7 24. h5 g5 25. h6+ Rxh6 26. Rh1 Rxh1 27. Rxh1 Bxg4
28. Qe4 f5 29. Nxf5+ Bxf5 30. Qxf5 e6 31. Rh7+ Kg8 32. Qg6+ Kf8 33. Rh8+ Ke7 34.
Qxe6# 1-0

[Event "Titled Tue 10th Jun Early"]
[Site "chess.com INT"]
[Date "2025.06.10"]
[Round "8"]
[White "Carlsson, Ludvig"]
[Black "Mitrabha, Guha"]
[Result "0-1"]
[WhiteTitle "IM"]
[BlackTitle "GM"]
[WhiteElo "2379"]
[BlackElo "2515"]
[WhiteFideId "1727010"]
[BlackFideId "5057000"]
[EventDate "2025.06.10"]

1. Nf3 Nf6 2. c4 b6 3. d4 Bb7 4. g3 c5 5. d5 b5 6. Bg2 bxc4 7. Nc3 d6 8. O-O g6
9. Nd2 Ba6 10. Nxc4 Bxc4 11. Qa4+ Nbd7 12. Qxc4 Bg7 13. Rd1 O-O 14. Rb1 Rb8 15.
Qa4 Qc7 16. Qc2 a5 17. h3 Rfc8 18. Kh2 Qa7 19. Bd2 Ne5 20. Be1 h5 21. h4 Rb7 22.
Na4 Rcb8 23. Kg1 Nfd7 24. b3 Nb6 25. Nxb6 Rxb6 26. Qe4 Bf6 27. Bf1 Kg7 28. Kg2
Ra8 29. e3 a4 30. bxa4 Rxb1 31. Rxb1 Qxa4 32. Qxa4 Rxa4 33. Rb2 Nf3 34. Rc2
Nxe1+ 0-1

[Event "Titled Tue 10th Jun Early"]
[Site "chess.com INT"]
[Date "2025.06.10"]
[Round "8"]
[White "Ocampos, Ian"]
[Black "Skliarov, Viktor"]
[Result "1-0"]
[BlackTitle "IM"]
[WhiteElo "2216"]
[BlackElo "2334"]
[WhiteFideId "117544"]
[BlackFideId "14106736"]
[EventDate "2025.06.10"]

1. e4 c5 2. d4 cxd4 3. c3 d3 4. Bxd3 g6 5. f4 Bg7 6. Nf3 d6 7. Be3 Bg4 8. h3
Bxf3 9. Qxf3 Nc6 10. Nd2 Nf6 11. O-O O-O 12. Rad1 Qc7 13. Qg3 Rad8 14. Nf3 d5
15. e5 Ne4 16. Qh4 f5 17. Bxe4 dxe4 18. Ng5 h6 19. Ne6 Qc8 20. Nxd8 Rxd8 21. g4
b6 22. Rxd8+ Nxd8 23. Rd1 Kf7 24. gxf5 gxf5 25. Qh5+ Kf8 26. Qg6 Nf7 27. e6 Nd6
28. Rxd6 exd6 29. Qf7# 1-0

[Event "Titled Tue 10th Jun Early"]
[Site "chess.com INT"]
[Date "2025.06.10"]
[Round "8"]
[White "Altynbek, Aiaru"]
[Black "Recuero Guerra, Javier"]
[Result "1-0"]
[WhiteTitle "WFM"]
[BlackTitle "FM"]
[WhiteElo "1977"]
[BlackElo "2126"]
[WhiteFideId "13752472"]
[BlackFideId "2254085"]
[EventDate "2025.06.10"]

1. d4 Nf6 2. Nf3 g6 3. c4 d6 4. g3 Bg7 5. Bg2 O-O 6. O-O Nbd7 7. Nc3 e5 8. dxe5
dxe5 9. Bg5 h6 10. Bxf6 Qxf6 11. Nd5 Qd8 12. Qc2 c6 13. Nc3 Qe7 14. Rfd1 f5 15.
e4 f4 16. Rd2 Nc5 17. Rad1 a5 18. Rd6 Be6 19. b3 g5 20. a3 Rad8 21. Rxd8 Rxd8
22. b4 axb4 23. axb4 Na6 24. b5 Nb4 25. Rxd8+ Qxd8 26. Qa4 Qf8 27. bxc6 bxc6 28.
Nd2 Qc5 29. Qa8+ Kh7 30. Qe8 Qd6 31. c5 Qxd2 32. Qxe6 Nd3 33. Qf5+ Kh8 34. Qc8+
Kh7 35. Qf5+ Kg8 36. Qc8+ Kf7 37. Qd7+ Kf8 38. Qd8+ Kf7 39. Qd7+ Kg6 40. Qf5+
Kh5 41. Bf3# 1-0

[Event "Titled Tue 10th Jun Early"]
[Site "chess.com INT"]
[Date "2025.06.10"]
[Round "8"]
[White "Bruhovich, Olexandr"]
[Black "Bezerra, Flavio Rodrigo Costa"]
[Result "1-0"]
[WhiteTitle "CM"]
[WhiteElo "2208"]
[BlackElo "2096"]
[WhiteFideId "14119919"]
[BlackFideId "2114704"]
[EventDate "2025.06.10"]

1. e4 c5 2. Nf3 Nc6 3. d4 cxd4 4. Nxd4 g6 5. Nc3 Bg7 6. Be3 Nf6 7. Be2 O-O 8.
Nb3 d6 9. O-O a6 10. a4 Be6 11. f4 Qc8 12. h3 Nb4 13. Kh1 Bc4 14. a5 Qc6 15. Nd4
Qc7 16. Bxc4 Qxc4 17. Ra4 e6 18. Re1 Nd7 19. Na2 Bxd4 20. Bxd4 e5 21. Bg1 Qxc2
22. Rxb4 Qc7 23. Nc3 Qxa5 24. Rxb7 Nc5 25. b4 Qa3 26. Nb1 Ne6 27. Nxa3 1-0

[Event "Titled Tue 10th Jun Early"]
[Site "chess.com INT"]
[Date "2025.06.10"]
[Round "8"]
[White "Cherepov, Alexej"]
[Black "Skiadopoulos, Nikolaos"]
[Result "1-0"]
[WhiteTitle "CM"]
[BlackTitle "CM"]
[WhiteElo "2083"]
[BlackElo "1882"]
[WhiteFideId "13503650"]
[BlackFideId "4200772"]
[EventDate "2025.06.10"]

1. d4 Nf6 2. c4 c5 3. Nf3 g6 4. Nc3 cxd4 5. Nxd4 Bg7 6. e4 O-O 7. Be2 d6 8. O-O
Bd7 9. Be3 Nc6 10. Nc2 Rc8 11. Qd2 Ng4 12. Bg5 Nce5 13. h3 Nf6 14. b3 a6 15. f4
Nc6 16. Rad1 h6 17. Bh4 Be6 18. Ne3 Re8 19. f5 Bd7 20. fxg6 fxg6 21. Ned5 Nxd5
22. exd5 Ne5 23. Bd3 Nxd3 24. Qxd3 Bf5 25. Rxf5 gxf5 26. Ne2 Rf8 27. Nf4 Qb6+
28. Bf2 Qa5 29. Ne6 Rf6 30. Rd2 Rg6 31. Re2 Rf8 32. Nxg7 Kxg7 33. Rxe7+ Rf7 34.
Bd4+ Kf8 35. Rxf7+ Kxf7 36. Qxf5+ 1-0

[Event "Titled Tue 10th Jun Early"]
[Site "chess.com INT"]
[Date "2025.06.10"]
[Round "8"]
[White "Sethuraman, Roshan"]
[Black "Borgaonkar, Akshay"]
[Result "0-1"]
[BlackTitle "FM"]
[WhiteElo "2074"]
[BlackElo "2453"]
[WhiteFideId "30965250"]
[BlackFideId "25639110"]
[EventDate "2025.06.10"]

1. e4 c6 2. Nf3 d5 3. Nc3 dxe4 4. Nxe4 Nf6 5. Qe2 Nxe4 6. Qxe4 Be6 7. b3 Nd7 8.
Bb2 Nf6 9. Qe3 Bf5 10. Bc4 e6 11. Nd4 Bc5 12. O-O O-O 13. Qf4 Bxd4 14. Bxd4 Bxc2
15. Bc3 b5 16. Be2 Nd5 17. Qe5 Nxc3 18. Qxc3 Be4 19. d3 Bd5 20. Qc5 Qg5 21. Bf3
Qf5 22. Bxd5 Qxd5 23. Rac1 Rfc8 24. d4 a5 25. Rfd1 a4 26. bxa4 Rxa4 27. Rd2 Qxc5
28. Rxc5 Kf8 29. f3 Ke7 30. Rdc2 Kd7 31. Rd2 Rca8 32. Rcc2 Kd6 33. Kf2 Ra3 34.
h4 R8a4 35. Ke2 Rc4 36. Kf2 Kd5 37. Rb2 0-1

[Event "Titled Tue 10th Jun Early"]
[Site "chess.com INT"]
[Date "2025.06.10"]
[Round "8"]
[White "Barseghyan, Armen Ar."]
[Black "Levitan, Caleb Levi"]
[Result "1-0"]
[WhiteTitle "IM"]
[BlackTitle "FM"]
[WhiteElo "2348"]
[BlackElo "2399"]
[WhiteFideId "13306707"]
[BlackFideId "14332620"]
[EventDate "2025.06.10"]

1. Nf3 d5 2. d4 Nf6 3. c4 e6 4. Nc3 Bb4 5. cxd5 exd5 6. Bf4 O-O 7. e3 c5 8. dxc5
Nc6 9. Rc1 Re8 10. Be2 Bxc5 11. O-O a6 12. Nxd5 Qxd5 13. Qxd5 Nxd5 14. Rxc5 Nxf4
15. Bc4 Ne6 16. Rd5 Nc7 17. Rd6 Be6 18. Rc1 Bxc4 19. Rxc4 Rad8 20. Rxd8 Rxd8 21.
h3 Ne6 22. a3 f6 23. g4 Kf7 24. Kg2 Rd7 25. h4 Ne5 26. Nxe5+ fxe5 27. g5 Kg6 28.
Kg3 h6 29. Kg4 Rf7 30. h5+ Kh7 31. g6+ Kg8 32. gxf7+ Kxf7 33. Kf5 Nd8 34. Rc7+
Ke8 35. Rxg7 1-0

[Event "Titled Tue 10th Jun Early"]
[Site "chess.com INT"]
[Date "2025.06.10"]
[Round "8"]
[White "Dubnevych, Maksym"]
[Black "Horobetz, Graham"]
[Result "1-0"]
[WhiteTitle "FM"]
[WhiteElo "2296"]
[BlackElo "2250"]
[WhiteFideId "14184001"]
[BlackFideId "2047322"]
[EventDate "2025.06.10"]

1. Nc3 c5 2. e4 d6 3. f4 g6 4. Nf3 Bg7 5. Bb5+ Bd7 6. Bc4 Nc6 7. O-O e6 8. d3
Na5 9. Kh1 Nxc4 10. dxc4 Bc6 11. f5 Nf6 12. fxe6 fxe6 13. e5 dxe5 14. Qxd8+ Rxd8
15. Nxe5 Rc8 16. Bg5 O-O 17. Rae1 Be8 18. h3 Nh5 19. Rxf8+ Bxf8 20. g4 Ng7 21.
Kg1 Bc6 22. Nxc6 Rxc6 23. Ne4 Ne8 24. Rd1 Rc8 25. Rd7 Rc7 26. Nf6+ Nxf6 27. Rxc7
Ne4 28. Bf4 Bg7 29. Rxb7 Bd4+ 30. Kg2 e5 31. c3 exf4 32. cxd4 cxd4 33. Kf3 Nd2+
34. Kxf4 Nxc4 35. Rb8+ Kf7 36. Ke4 1-0

[Event "Titled Tue 10th Jun Early"]
[Site "chess.com INT"]
[Date "2025.06.10"]
[Round "8"]
[White "Araujo Filho, Luiz Antonio Coel"]
[Black "Allahverdiyeva, Ayan"]
[Result "0-1"]
[BlackTitle "WIM"]
[WhiteElo "2077"]
[BlackElo "2308"]
[WhiteFideId "2130661"]
[BlackFideId "13412590"]
[EventDate "2025.06.10"]

1. d4 d5 2. Nf3 Nf6 3. e3 e6 4. Bd3 Bd6 5. Nbd2 Nbd7 6. Qe2 c5 7. c3 b6 8. e4
dxe4 9. Nxe4 Nxe4 10. Bxe4 Rb8 11. O-O Nf6 12. Bg5 h6 13. dxc5 hxg5 14. cxd6
Qxd6 15. Rad1 Qc7 16. Qb5+ Kf8 17. Bc2 g4 18. Ne5 a6 19. Qb4+ Kg8 20. Qf4 Rh5
21. Rfe1 Bb7 22. Rd7 Rxe5 0-1

[Event "Titled Tue 10th Jun Early"]
[Site "chess.com INT"]
[Date "2025.06.10"]
[Round "8"]
[White "Salimova, Asal"]
[Black "Petersson, Kjell"]
[Result "1-0"]
[WhiteTitle "WCM"]
[BlackTitle "CM"]
[WhiteElo "2063"]
[BlackElo "2068"]
[WhiteFideId "14204940"]
[BlackFideId "1705148"]
[EventDate "2025.06.10"]

1. d4 f5 2. c4 Nf6 3. g3 e6 4. Bg2 d5 5. Nc3 c6 6. Nf3 Bd6 7. O-O O-O 8. b3 b6
9. Qc2 Ne4 10. Ne5 Bb7 11. Nxe4 fxe4 12. f3 Bxe5 13. dxe5 dxc4 14. Qxc4 Qe7 15.
Qxe4 c5 16. Qg4 Nd7 17. Bg5 Qf7 18. Bf4 Qf5 19. Qxf5 Rxf5 20. Bh3 Rxf4 21. gxf4
Kf7 22. Rad1 Bc6 23. Rd6 Bb5 24. Bxe6+ Ke7 25. Rfd1 Nf8 26. Bc4 Bd7 27. e4 Bh3
28. f5 Rb8 29. Rc6 b5 30. Rc7+ Ke8 31. Bf7# 1-0

[Event "Titled Tue 10th Jun Early"]
[Site "chess.com INT"]
[Date "2025.06.10"]
[Round "8"]
[White "Martinez Ramirez, Lennis"]
[Black "Sklokin, Sergey"]
[Result "1/2-1/2"]
[WhiteTitle "IM"]
[BlackTitle "FM"]
[WhiteElo "2442"]
[BlackElo "2311"]
[WhiteFideId "3509079"]
[BlackFideId "55730230"]
[EventDate "2025.06.10"]

1. Nf3 c5 2. c4 b6 3. g3 Bb7 4. Bg2 g6 5. d4 cxd4 6. Qxd4 Nf6 7. Nc3 Bg7 8. Bg5
d6 9. Bxf6 Bxf6 10. Qe3 O-O 11. O-O Nd7 12. Rac1 Rc8 13. b3 a6 14. a4 Nc5 15.
Nd5 Bxd5 16. cxd5 a5 17. Rc4 Qd7 18. Qh6 Bg7 19. Qh3 Qb7 20. Rh4 h5 21. Ng5 Qd7
22. g4 Bf6 23. Rxh5 Bxg5 24. Rh8+ Kg7 25. Rh7+ Kg8 26. Rh8+ Kg7 27. Rh7+ Kg8 28.
Rh8+ 1/2-1/2